000 00514nam a2200193 4500
001 107322
003 ES-MaACL
007 t|
008 061121s1983 sp r ||||1| spa d
100 1 _aMorón, Guillermo.
_983638
245 1 0 _aLibre de los fragmentos /
_cGuillermo Morón.
250 _a2ª. ed.
260 _aBarcelona :
_bArgos Vergara,
_c1983.
300 _a270 p. ;
_c20 cm.
490 1 _aEn línea
830 0 _aEn línea
_9185682
852 _aES-MaACL
_jL-5164
_bR.105641
999 _c107322
_d107322